01266nam a22003257i 4500003000900000005001700009008004100026040004300067041000800110082001900118092000700137099002700144245006600171264004600237300004800283336002200331337002400353338003300377490008500410500004800495504004100543546002000584650005500604651001000659856005700669905000700726942001900733999001700752952017100769EG-GICUC20260121101509.0251216s1920    uk ||||fr|||| 00| 0 eng d  aEG-GiCUCbengcEG-GiCUCdEG-GiCUCerda  aeng04221a341.22bLE04221  aLaw1 11	341.22 LE 192004aThe League Of Nations Starts :bAn Outline By Its Organisers. 1aLondon :bMacmillan and Co., Ltd.,c1920.  a(xi, 282 pages, 2 unnumbered pages ;c24 cm  2rda contentatext  2rda mediaaComputer  2rda carrieraOnline Resource0 aThe making of modern law: Foreign, comparative and international law, 1600-1926.  aPublisher's advertising: [2] p., 3rd count.  aIncludes bibliographical references.  aText in English14aLeague of NationsxPublic international law2qrmak1 2qrmak40uhttps://fll.law.cu.edu.eg/fulltext/bks/B11-05217.pdf  a75  2ddccBKe21n0  c50780d50780  00102ddc40718القانون الدولي العامaCUbLAW1d2025-12-16l0oLaw1 11	341.22 LE 1920 1105217	C1pB11-05217r2025-12-16 13:13:40t1w2025-12-16yBK